00370nam a2200133 a 4500008004100000020001800041050001500059100002200074245005800096260003400154300002000188650001000208650001800218161014s2014 ||||||||||||||||| || u a9780007550760 aGC 771 Win aWinchester, Simon10aPacific: the ocean of the futurecby Simon Winchester aLondonbWilliam Collinsc2014 aix, 492p.: ill. aOCEAN aPACIFIC OCEAN